Medicamentos antipaludicos sinteticos (Registro nro. 77458)

Detalles MARC
001 - NÚMERO DE CONTROL
campo de control 144965
005 - FECHA Y HORA DE LA ÚLTIMA TRANSACCIÓN
campo de control 20260506075728.0
008 - DATOS DE LONGITUD FIJA--INFORMACIÓN GENERAL
campo de control de longitud fija 971112s1939 spa
035 ## - NÚMERO DE CONTROL DEL SISTEMA
Número de control de sistema 144965
035 ## - NÚMERO DE CONTROL DEL SISTEMA
Número de control de sistema (OCoLC)777992083
040 ## - FUENTE DE LA CATALOGACIÓN
Centro/agencia transcriptor comduadb
041 ## - CÓDIGO DE LENGUA
Código de lengua del texto/banda sonora o título independiente spa
080 ## - NÚMERO DE LA CLASIFICACIÓN DECIMAL UNIVERSAL
Número de la Clasificación Decimal Universal QV
100 10 - ENTRADA PRINCIPAL--NOMBRE DE PERSONA
Nombre de persona Bayer, Levekusen
Código de función aut
Término indicativo de función/relación Autor/a
9 (RLIN) 315105
245 10 - MENCIÓN DE TÍTULO
Título Medicamentos antipaludicos sinteticos
250 ## - MENCIÓN DE EDICIÓN
Mención de edición 2ed.
260 ## - PUBLICACIÓN, DISTRIBUCIÓN, ETC.
Nombre del editor, distribuidor, etc. Bayer,
Fecha de publicación, distribución, etc. 1939.
300 ## - DESCRIPCIÓN FÍSICA
Extensión 81 páginas
650 #7 - PUNTO DE ACCESO ADICIONAL DE MATERIA--TÉRMINO DE MATERIA
Término de materia o nombre geográfico como elemento de entrada Farmacología
Fuente del encabezamiento o término dcs
9 (RLIN) 1605
650 #7 - PUNTO DE ACCESO ADICIONAL DE MATERIA--TÉRMINO DE MATERIA
Término de materia o nombre geográfico como elemento de entrada Malaria
Fuente del encabezamiento o término lemb
9 (RLIN) 21094
650 #7 - PUNTO DE ACCESO ADICIONAL DE MATERIA--TÉRMINO DE MATERIA
Término de materia o nombre geográfico como elemento de entrada Farmacia
Fuente del encabezamiento o término lemb
9 (RLIN) 2601
650 ## - PUNTO DE ACCESO ADICIONAL DE MATERIA--TÉRMINO DE MATERIA
Término de materia o nombre geográfico como elemento de entrada Penicilina
9 (RLIN) 8525
650 #7 - PUNTO DE ACCESO ADICIONAL DE MATERIA--TÉRMINO DE MATERIA
Término de materia o nombre geográfico como elemento de entrada Preparaciones farmacéuticas
Fuente del encabezamiento o término dcs
9 (RLIN) 66296
942 ## - ELEMENTOS DE ENTRADA AGREGADA (KOHA)
Tipo de ítem Koha Libros
Existencias
Estado de retiro Estado de pérdida Estado dañado No para préstamo Código de colección Localización permanente Ubicación/localización actual Fecha de adquisición Fuente de adquisición Número de inventario Total de préstamos Signatura topográfica completa Código de barras Fecha visto por última vez Número de copia Precio válido a partir de Tipo de ítem Koha
        Colección Historia de la Medicina Biblioteca Médica, Campus Medellín Biblioteca Médica, Campus Medellín 12/11/1997 Material adquirido por donación C200420   QV258 B3-39 61000000526158 21/04/2023 1 21/04/2023 Libros - Reserva